[Event "HUN-ch Rapid 2018"]
[Site "Ajka"]
[Date "2018.07.20"]
[Round "2"]
[White "Horvath, Peter"]
[Black "Buzas, Bertalan"]
[Result "1-0"]
[WhiteElo "2438"]
[BlackElo "2133"]
[Annotator "TA"]
[PlyCount "95"]
[EventDate "2018.07.20"]
[EventType "swiss"]
[EventCountry "HUN"]
[SourceTitle "playchess.com"]
[Source "ChessBase"]
[SourceQuality "1"]

{[%evp 23,95,19,81,18,79,-60,-70,-115,-96,-110,-110,-117,-101,-136,-152,-175,-167,-162,-109,-129,-123,-164,-57,-120,-70,-62,-51,-53,-41,-75,0,0,-18,-14,0,0,20,0,0,-35,22,-124,-4,-17,0,0,0,0,0,0,0,0,0,0,0,0,0,0,0,0,0,0,0,0,0,0,253,273,209,226,598,579,29983,29984]} 1. d4 Nf6 2. c4 g6 3. Nc3 Bg7 4. g3 O-O 5. Bg2 d6 6. Nf3 c5 7. d5 Na6 8. O-O Nc7 9. a4 b6 10. h3 a6 11. e4 Rb8 12. e5 Nfe8 {LiveBook: 4 Games. E64: King's Indian: Fianchetto: 6...c5 7 d5} (12... Nd7 $11) 13. Qe2 ({White should play} 13. Re1 $16) (13. Re1 b5 14. Bg5 f6 15. exf6 exf6 16. Bc1 Rf7 17. axb5 axb5 18. Qe2 Bd7 19. Ra7 bxc4 20. Nd2 {0-1 (47) Machlik,E (2256)-Fossan,P (2307) Norway 2016}) 13... Bd7 (13... b5 $11) 14. Bg5 (14. Re1 $16) 14... dxe5 $1 $15 {Black is slightly better.} 15. Rfe1 $146 ({Not} 15. Nxe5 $2 Bxe5 16. Qxe5 f6 $19) ({Predecessor:} 15. a5 b5 16. Ne4 bxc4 17. d6 Nd5 18. Qxc4 {1-0 (33) Skjoldager,M (2077)-Merkesvik,S (1892) Helsingor 2012}) 15... f6 16. Be3 a5 17. h4 Bg4 18. Qf1 Nd6 19. Nh2 Bd7 20. h5 Nf5 (20... gxh5 $19 21. Qe2 Be8) 21. hxg6 $17 hxg6 22. Qd3 Ne8 (22... Na6 $19 23. Na2 Bxa4) 23. g4 (23. f4 $15) 23... Nh4 24. f4 f5 25. fxe5 Bxe5 ({Of course not} 25... fxg4 $6 26. Bg5 $14) 26. Bf2 {[%cal Be3f2,Bf2g3,Bg3e5][%mdl 32]} Bxh2+ ({Better is} 26... Bf6 $17) 27. Kxh2 $11 Nxg2 28. Kxg2 {White wants to play Bg3.} Nf6 29. Bg3 Rc8 30. g5 Nh5 {Threatens to win with ...e6.} 31. Be5 e6 (31... Qe8 $15) 32. Rg1 (32. Rh1 $11 {keeps the balance.}) 32... exd5 (32... Qxg5+ $17 33. Kf2 Qh4+ 34. Ke2 Nf4+ 35. Bxf4 Qxf4 36. Rxg6+ Kf7) 33. Nxd5 Bc6 {[#] ...Re8 is the strong threat.} 34. Kf2 Bxd5 (34... Re8 {keeps more tension.} 35. Rae1 Kf8 36. b3 Qd7 37. Rh1 Rcd8) 35. Qxd5+ Qxd5 36. cxd5 Rfe8 37. Rge1 Rcd8 38. Rad1 Rd7 39. Kf3 Kf7 40. b3 Red8 41. d6 b5 42. Rd5 bxa4 43. bxa4 Rc8 44. Rc1 Rb8 $2 {[%mdl 8192] [#]} (44... Ng7 $11 {and Black stays safe.}) 45. Rdxc5 $18 ({Less strong is} 45. Rcxc5 Rb3+ 46. Kf2 Ke6 $16) 45... Rb3+ 46. Kf2 Rb4 $2 (46... Ke6 {is more resistant.} 47. Rxa5 Ra3) 47. Rc7 Rb7 48. Rxb7 {Precision: White = 51%, Black = 36%.} 1-0

[Event "HUN-ch Rapid 2018"]
[Site "Ajka"]
[Date "2018.07.20"]
[Round "2"]
[White "Mihok, Oliver"]
[Black "Sarok, Peter"]
[Result "1-0"]
[WhiteElo "2426"]
[BlackElo "2105"]
[Annotator "TA"]
[PlyCount "97"]
[EventDate "2018.07.20"]
[EventType "swiss"]
[EventCountry "HUN"]
[SourceTitle "playchess.com"]
[Source "ChessBase"]
[SourceQuality "1"]

{[%evp 18,97,31,17,39,15,29,18,20,23,31,-2,23,22,85,75,107,62,64,57,65,47,57,43,86,70,75,64,73,58,101,81,137,138,154,134,195,106,266,186,458,192,650,617,607,606,529,238,238,238,238,246,232,171,308,302,583,572,506,247,1052,1051,1030,1031,1023,997,987,981,927,920,873,860,1079,1053,5269,2024,1778,1422,1656,1440,29990,29991]} 1. e4 e6 2. d4 d5 3. Nc3 Nf6 4. Bg5 dxe4 5. Nxe4 Be7 6. Bxf6 Bxf6 7. Nf3 Bd7 8. Bd3 Bc6 9. c3 Nd7 10. Qc2 {LiveBook: 4 Games. C13: French: Classical System: 4 Bg5 Be7, Alekhine-Chatard Attack} h6 11. O-O-O Qe7 12. Kb1 {White has an edge.} O-O-O 13. Rhe1 Nb6 14. Bf1 $146 {[%cal Bd3f1,Bf1g2,Bg2e4][%mdl 32]} ({Predecessor:} 14. Nfd2 Nd5 15. g3 b6 16. Ba6+ Kb8 17. Nb3 Ba4 {1-0 (34) Castellanos,R (2471)-Jordan Martinez,M (1942) La Roda 2007}) 14... Rhe8 15. Nxf6 Qxf6 (15... Bxf3 $11 16. Rd3 (16. gxf3 Qxf6 17. Qe4 Rd5 $15) (16. Nxe8 Bxd1 17. Qxd1 Rxe8 $14) 16... Bd1 17. Qxd1 (17. Rdxd1 Qxf6 18. Rd3 Nd5 $14) 17... Qxf6) 16. Ne5 $16 Bd7 17. g3 Kb8 18. Bg2 Bc8 19. f4 Nd7 20. Nd3 Qf5 21. Be4 Qa5 22. a4 {[%cal Ba2a4,Ba4a5][%mdl 32]} Qb6 23. b4 $36 {[%mdl 2048] White has good play.} Qd6 24. Qb3 Nf6 (24... g5 $142) 25. Bf3 Nd7 26. a5 a6 (26... c6 $16 27. b5 cxb5) 27. Rd2 (27. c4 $18) 27... Nf6 $2 (27... c6 $16 {might work better.} 28. Rf2 Nf6) 28. Ne5 Qf8 $2 (28... Re7 29. Kb2 c6) 29. Rb2 (29. b5 $142 axb5 30. Qxb5) 29... Nd7 $2 (29... Nd5 30. Ka1 c6) 30. b5 $18 {[#] Black must now prevent bxa6.} Nxe5 31. Rxe5 {Strongly threatening bxa6.} Qd6 32. bxa6 (32. Qc4 $142) 32... Qxa6 {...Qd3+ is the strong threat.} 33. Rb5 Rd5 34. Bxd5 exd5 35. Ka2 (35. Qxd5 $6 c6 $16) (35. Rxd5 Qf1+ 36. Ka2 Re1 $14) 35... Re1 (35... c6 {keeps fighting.}) 36. Qb4 (36. Rxd5 Qf1 $11) (36. Qxd5 c6 $18) 36... Ka8 $2 (36... Re8 {was called for.} 37. Qc5 g6) 37. Qf8 b6 38. Qa3 (38. Qxf7 $142 c6 39. R5b4) 38... Kb7 $2 {[#]} (38... Bd7 39. R5b3 (39. Rxd5 $2 Be6 $19) 39... b5 40. Qf8+ Kb7) 39. Rxb6+ $1 {[%mdl 512]} cxb6 40. Rxb6+ Qxb6 41. axb6 Kxb6 {[%mdl 4096] Endgame KQ-KRB} 42. Qc5+ Kb7 43. Qxd5+ Kb8 44. Qd6+ Ka8 45. d5 Ka7 46. Qc5+ (46. Qc7+ $142 Bb7 47. d6) 46... Kb8 47. Qb6+ Ka8 48. c4 Bf5 49. Qa5+ {Precision: White = 38%, Black = 28%.} 1-0

[Event "HUN-ch Rapid 2018"]
[Site "Ajka"]
[Date "2018.07.20"]
[Round "2"]
[White "Bagi, Mate"]
[Black "Paksa, Rudolf"]
[Result "1-0"]
[WhiteElo "2394"]
[BlackElo "2073"]
[Annotator "TA"]
[PlyCount "45"]
[EventDate "2018.07.20"]
[EventType "swiss"]
[EventCountry "HUN"]
[SourceTitle "playchess.com"]
[Source "ChessBase"]
[SourceQuality "1"]

{[%evp 9,45,18,42,35,118,111,116,103,108,120,212,194,210,215,410,416,397,336,348,346,338,234,592,556,578,581,540,532,643,625,614,642,635,633,29974,29973,29959,2585]} 1. e4 e5 2. Nf3 d5 3. Nxe5 Bd6 4. d4 dxe4 5. Nc4 a6 (5... Nf6 6. Nxd6+ Qxd6 7. Be2 O-O 8. O-O Nc6 9. Be3 Nd5 10. Nd2 f5 11. c4 Nxe3 12. fxe3 Qh6 13. Rf4 Nxd4 {0-1 (32) Kabanov,N (2472)-Skatchkov,P (2486) Khanty-Mansiysk 2013}) 6. Nc3 $146 {C40: Latvian and Elephant Gambits} ({Predecessor:} 6. Nxd6+ cxd6 7. d5 Nf6 8. c4 h6 9. Be2 O-O 10. Qd4 Bg4 11. Bxg4 Nxg4 12. h3 Nf6 13. Nc3 {0-1 (46) Porpaczy,L (2253)-Paksa,R (2206) Hungary 2003}) 6... Bf5 (6... Nf6 $14) 7. g4 $16 Bg6 8. Bg2 {White is better.} Bb4 9. O-O Bxc3 (9... Nf6 $16) 10. bxc3 $18 Nf6 11. f4 {Hoping for f5.} exf3 $2 {[#]} (11... h6 {might work better.} 12. f5 Bh7) 12. Re1+ Kf8 13. Ba3+ Kg8 14. Qxf3 (14. Bxf3 Nc6 $18) 14... Nc6 15. Ne5 Nxd4 $2 {[#]} (15... h5 {is tougher.} 16. g5 (16. Nxc6 hxg4 17. Ne7+ Qxe7 $16) 16... Nxe5 17. Rxe5 Nd7) 16. cxd4 Qxd4+ 17. Qe3 Qxe3+ 18. Rxe3 c6 19. Rb1 Nd5 20. Bxd5 cxd5 21. Rxb7 Bxc2 22. Nxf7 Be4 23. Bb2 {Precision: White = 84%, Black = 23%.} 1-0

[Event "HUN-ch Rapid 2018"]
[Site "Ajka"]
[Date "2018.07.20"]
[Round "2"]
[White "Jakab, Attila"]
[Black "Margl, Roland"]
[Result "1/2-1/2"]
[WhiteElo "2363"]
[BlackElo "2047"]
[Annotator "NA"]
[PlyCount "109"]
[EventDate "2018.07.20"]
[EventType "swiss"]
[EventCountry "HUN"]
[SourceTitle "playchess.com"]
[Source "ChessBase"]
[SourceQuality "1"]
[TimeControl "1200+5"]

1. d4 {[%emt 0:00:04]} d5 {[%emt 0:00:01]} 2. c4 {[%emt 0:00:02]} e6 {[%emt 0:00:01]} 3. Nc3 {[%emt 0:00:03]} Nf6 {[%emt 0:00:01]} 4. cxd5 {[%emt 0:00:02]} Nxd5 {[%emt 0:00:02]} 5. Nf3 {[%emt 0:00:08]} c5 {[%emt 0:00:01]} 6. e3 {[%emt 0:00:09]} cxd4 {[%emt 0:00:03]} 7. exd4 {[%emt 0:00:02]} Nxc3 {[%emt 0:00:02]} 8. bxc3 {[%emt 0:00:01]} Qc7 {[%emt 0:00:01]} 9. Bd2 {[%emt 0:00:10]} Nd7 {[%emt 0:00:02]} 10. Bd3 {[%emt 0:00:04]} Bd6 {[%emt 0:00:02]} 11. O-O {[%emt 0:00:03]} b6 {[%emt 0:00:12]} 12. Qe2 {[%emt 0:00:12]} Bb7 {[%emt 0:00:03]} 13. h3 {[%emt 0:04:01]} O-O {[%emt 0:00:06]} 14. Ng5 {[%emt 0:04:04]} Nf6 {[%emt 0:00:17]} 15. Rae1 {[%emt 0:00:48]} Rac8 {[%emt 0:04:33]} 16. f4 {[%emt 0:00:29]} h6 {[%emt 0:00:41]} 17. Ne4 {[%emt 0:00:07]} Nxe4 {[%emt 0:00:11]} 18. Bxe4 {[%emt 0:00:02]} Rfe8 {[%emt 0:03:07]} 19. Bc2 {[%emt 0:00:41]} Bd5 {[%emt 0:00:39]} 20. Qh5 {[%emt 0:02:11]} Qc6 {[%emt 0:06:40]} 21. f5 {[%emt 0:01:46]} exf5 {[%emt 0:00:47]} 22. Qxf5 {[%emt 0:00:02]} g6 {[%emt 0:00:06]} 23. Qf2 {[%emt 0:00:02]} Bf8 {[%emt 0:01:25]} 24. Rxe8 {[%emt 0:01:01]} Rxe8 {[%emt 0:00:01]} 25. Bb3 {[%emt 0:00:02]} b5 {[%emt 0:00:39]} 26. Qh4 {[%emt 0:00:17]} Re2 {[%emt 0:01:11]} 27. Rf2 {[%emt 0:00:02]} Rxf2 {[%emt 0:00:12]} 28. Qxf2 {[%emt 0:00:05]} Bxb3 {[%emt 0:00:02]} 29. axb3 {[%emt 0:00:01]} Qd5 {[%emt 0:00:02]} 30. b4 {[%emt 0:00:23]} h5 {[%emt 0:00:12]} 31. Bf4 {[%emt 0:00:03]} Bg7 {[%emt 0:00:32]} 32. Qe3 {[%emt 0:00:04]} Qc6 {[%emt 0:00:16]} 33. Kf2 {[%emt 0:00:32]} a6 {[%emt 0:00:02]} 34. Qg3 {[%emt 0:01:33]} Qe4 {[%emt 0:00:06]} 35. Kg1 {[%emt 0:00:17]} Qd5 {[%emt 0:00:06]} 36. Kh2 {[%emt 0:00:02]} Qe4 {[%emt 0:00:02]} 37. Qf2 {[%emt 0:00:09]} Kh7 {[%emt 0:00:07]} 38. Kg3 {[%emt 0:00:07]} Kg8 {[%emt 0:00:01]} 39. Qe3 {[%emt 0:00:30]} Qxe3+ {[%emt 0:00:02]} 40. Bxe3 {[%emt 0:00:01]} Kf8 {[%emt 0:00:02]} 41. Kf3 {[%emt 0:00:13]} Ke7 {[%emt 0:00:02]} 42. Ke4 {[%emt 0:00:03]} Ke6 {[%emt 0:00:30]} 43. d5+ {[%emt 0:00:22]} Kd6 {[%emt 0:00:04]} 44. Bf4+ {[%emt 0:00:20]} Kd7 {[%emt 0:00:02]} 45. Be5 {[%emt 0:00:14]} Bh6 {[%emt 0:00:02]} 46. Kd4 {[%emt 0:00:06]} Bf8 {[%emt 0:00:02]} 47. g4 {[%emt 0:00:55]} hxg4 {[%emt 0:00:01]} 48. hxg4 {[%emt 0:00:01]} Be7 {[%emt 0:00:10]} 49. c4 {[%emt 0:00:39]} bxc4 {[%emt 0:00:04]} 50. Kxc4 {[%emt 0:00:02]} f5 {[%emt 0:00:01]} 51. gxf5 {[%emt 0:00:02]} gxf5 {[%emt 0:00:01]} 52. b5 {[%emt 0:00:05]} axb5+ {[%emt 0:00:27]} 53. Kxb5 {[%emt 0:00:02]} Bd6 {[%emt 0:00:03]} 54. Bd4 {[%emt 0:00:02]} Bg3 {[%emt 0:00:04]} 55. Kc5 {[%emt 0:00:23]} 1/2-1/2

[Event "HUN-ch Rapid 2018"]
[Site "Ajka"]
[Date "2018.07.20"]
[Round "2"]
[White "Szelenyi, Norbert"]
[Black "Almasi, Zoltan"]
[Result "0-1"]
[WhiteElo "2284"]
[BlackElo "2650"]
[Annotator "TA"]
[PlyCount "71"]
[EventDate "2018.07.20"]
[EventType "swiss"]
[EventCountry "HUN"]
[SourceTitle "playchess.com"]
[Source "ChessBase"]
[SourceQuality "1"]

{[%evp 15,71,0,2,1,-10,-10,3,-20,-15,-28,-13,-33,-28,-29,-30,-19,-23,-54,-43,-57,-32,-45,-33,-50,-42,-64,-66,-82,-60,-92,-89,-79,-81,-177,-200,-211,-160,-412,-418,-418,-416,-390,-396,-375,-441,-449,-431,-545,-535,-537,-535,-657,-635,-598,-540,-524,-536,-489]} 1. Nf3 c5 2. g3 g6 3. Bg2 Bg7 4. O-O Nc6 5. d3 d6 6. c4 {A04: Unusual lines after 1 Nf3 and King's Indian Attack} (6. a3 e5 7. c4 a5 8. Nc3 Nge7 9. Ne1 Be6 10. Nd5 O-O 11. Bg5 f6 12. Bd2 Rb8 13. b4 axb4 14. axb4 Bxd5 15. cxd5 Nxb4 16. Bxb4 cxb4 17. Rb1 {½-½ (38) Kozul,Z (2608)-Brkic,A (2598) Jahorina 2018}) 6... e6 7. Nc3 Nge7 8. a3 O-O {LiveBook: 27 Games} 9. e3 b6 10. Rb1 Bb7 11. Na2 $146 ({Predecessor:} 11. Qc2 Qd7 12. b4 Rac8 13. b5 Ne5 14. Nxe5 Bxe5 {0-1 (27) Goncalves,L (1894)-Martinez Duany,L (2465) Caldas da Rainha 2014}) 11... d5 {next ...dxc4 is good for Black.} 12. b3 Qd7 13. Bb2 d4 14. exd4 Nxd4 15. Bxd4 cxd4 16. Nb4 Qc7 17. Qe2 a5 18. Nc2 e5 $36 {[%mdl 2048] Black has some pressure.} 19. Rfe1 {[%cal Rf3e5]} Rfe8 20. Qd2 ({Don't blunder} 20. Nxe5 $2 Bxg2 21. Nxd4 Nc6 $19) 20... Nf5 21. b4 Bc6 22. b5 Bb7 23. Qe2 e4 24. dxe4 (24. Nd2 $17) 24... Bxe4 $19 ({Don't take} 24... Rxe4 25. Qd3 $17) 25. Qd1 {[%cal Rf3d4]} Rad8 {Hoping for ...d3.} ({Avoid the trap} 25... Qxc4 $2 {[#]} 26. Rxe4 $1 {[%mdl 512]} Rxe4 27. Nd2 $18) 26. Nd2 $2 {[#]} (26. Rxe4 $17 {was worth a try.} Rxe4 27. Qd3) 26... Bxg2 27. Kxg2 d3 28. Ne3 Nxe3+ 29. Rxe3 Rxe3 30. fxe3 {Black is clearly winning.} Qc5 31. Qf3 Qxa3 32. Rf1 Qe7 33. Rf2 a4 34. c5 Qxc5 35. Qxf7+ Kh8 36. Qa2 {Precision: White = 40%, Black = 70%.} 0-1

[Event "HUN-ch Rapid 2018"]
[Site "Ajka"]
[Date "2018.07.20"]
[Round "2"]
[White "Vass, Viktor"]
[Black "Balog, Imre"]
[Result "0-1"]
[WhiteElo "2275"]
[BlackElo "2613"]
[Annotator "TA"]
[PlyCount "34"]
[EventDate "2018.07.20"]
[EventType "swiss"]
[EventCountry "HUN"]
[SourceTitle "playchess.com"]
[Source "ChessBase"]
[SourceQuality "1"]

{[%evp 9,34,26,29,-27,0,-111,-98,-100,-81,-169,-124,-117,-120,-122,-106,-142,-147,-194,-183,-172,-190,-196,-165,-232,-228,-287,-256]} 1. e4 e6 2. d4 d5 3. Nd2 Nc6 {[%cal Bb8c6,Bc6e5,Be5g4][%mdl 32]} 4. c3 e5 5. dxe5 Nxe5 {LiveBook: 16 Games} 6. f4 {C04: French Tarrasch: 3...Nc6} (6. Ndf3 $142 Nxf3+ 7. Nxf3) (6. Ngf3 Nxf3+ 7. Nxf3 Nf6 8. exd5 Qxd5 9. Qxd5 Nxd5 10. Bc4 Nb6 11. Bb3 Bd6 12. O-O {½-½ (12) Zvjaginsev,V (2660)-Ponkratov,P (2610) St Petersburg 2015}) 6... Ng4 {[#] White must now prevent ...Bc5.} 7. Qa4+ $146 (7. Qe2 $1 $11) ({Predecessor:} 7. Qf3 Bc5 8. Nb3 Bf2+ 9. Ke2 b6 10. Qd3 a5 11. Qxd5 Ba6+ 12. Kf3 Qxd5 13. exd5 Bxf1 14. Nh3 Bh4 15. Kxg4 Bxg2 16. Rg1 Bxh3+ 17. Kxh4 Bf5 18. Nd4 Be4 19. Rxg7 {½-½ (19) Shepotilo,V (2219)-Shmat,S (2032) Alushta 2006}) 7... Bd7 $17 8. Qd4 {Black is better.} dxe4 9. Nxe4 (9. Qxe4+ $17 Qe7 10. Qxe7+ Nxe7 11. Nc4) 9... Bc6 10. h3 Qxd4 11. cxd4 N4h6 12. Ng3 O-O-O $36 {[%mdl 2048] Black is in control.} 13. N1e2 Ne7 14. Bd2 Nhf5 15. Nxf5 Nxf5 16. Bc3 (16. O-O-O $142) 16... Be7 17. Kf2 Bh4+ {Precision: White =  5%, Black = 76%.} 0-1

[Event "HUN-ch Rapid 2018"]
[Site "Ajka"]
[Date "2018.07.20"]
[Round "2"]
[White "Hardicsay, Peter"]
[Black "Banusz, Tamas"]
[Result "0-1"]
[WhiteElo "2267"]
[BlackElo "2592"]
[Annotator "TA"]
[PlyCount "72"]
[EventDate "2018.07.20"]
[EventType "swiss"]
[EventCountry "HUN"]
[SourceTitle "playchess.com"]
[Source "ChessBase"]
[SourceQuality "1"]

{[%evp 15,72,-29,-29,-58,-12,-55,-55,-62,-44,-50,-31,-51,-57,-59,-53,-55,-54,-125,-77,-129,-132,-301,-292,-284,-113,-111,-118,-220,-228,-455,-460,-465,-461,-450,-450,-711,-705,-711,-705,-687,-679,-681,-669,-672,-662,-794,-697,-824,-818,-1118,-496,-493,-497,-550,-542,-707,-695,-961,-959]} 1. Nf3 d5 2. c4 d4 3. g3 Nc6 4. Bg2 e5 5. d3 Nf6 6. O-O a5 7. Na3 Bc5 {A09: Reti-Eröffnung} 8. Nc2 (8. Nb5 O-O 9. Bg5 Be7 10. e3 dxe3 11. Bxe3 Bf5 12. d4 exd4 13. Nfxd4 Nxd4 14. Nxd4 Be4 15. Bxe4 Nxe4 {1-0 (53) Topalov,V (2761)-Giri,A (2782) Leuven 2016}) 8... O-O {LiveBook: 14 Partien} 9. b3 h6 {Schwarz steht etwas besser.} 10. Ba3 $146 ({Vorgänger:} 10. a3 Bf5 11. Nd2 Re8 12. Ne4 Nxe4 13. dxe4 Bg4 14. Ne1 d3 15. Nxd3 Nd4 16. Bf3 Nxf3+ 17. exf3 Bd4 18. Rb1 Bh3 19. Re1 Bc3 20. Re2 Qe7 {½-½ (20) Markovic,M (2280)-Ugrenovic,B (2102) Belgrade 2010}) 10... Bxa3 11. Nxa3 Qe7 12. Nc2 Bf5 13. a3 Rad8 14. Rb1 e4 15. Nfe1 Rfe8 $36 {[%mdl 2048] Schwarz hat Druck.} 16. b4 (16. f3 $15) 16... Qe6 17. bxa5 (17. Qd2 $142) 17... Nxa5 $17 18. f3 $2 (18. a4 $17) 18... exd3 $19 19. exd3 {[#]} b6 $2 (19... Nxc4 $1 $19 {[%mdl 512] und Schwarz behält klar die Oberhand. Und ...Se3 würde nun gewinnen.} 20. g4 (20. dxc4 d3) 20... Bg6 21. dxc4 d3) 20. g4 $17 Bh7 21. h3 {[#]} (21. Rf2 $17 {war einen Versuch wert.}) 21... Nxc4 $1 $19 {[%mdl 512] ...Se3 ist eine echte Drohung.} 22. dxc4 $2 (22. f4 {war die einzige Verteidigung.} Ne3 23. Nxe3 dxe3 24. Qe2) 22... d3 {[%cal Bd4d3,Bd3d2][%mdl 32] Schwarz steht klar auf Gewinn.} 23. Nb4 d2 24. Nec2 Qxc4 25. f4 (25. Rf2 $142 Qf4 26. Rb3) 25... Be4 26. Rf2 Bxg2 27. Kxg2 Ne4 28. Qf1 Qxf1+ 29. Rfxf1 Nc3 30. Rbd1 Rd6 31. Kf2 c5 32. Na6 Nxd1+ (32... Re2+ $142 33. Kg1 Rd3) 33. Rxd1 Rd7 34. Ne3 Ra8 35. Nxc5 bxc5 36. Nc4 Rd4 {Precision: Weiß = 17%, Schwarz = 57%.} 0-1

[Event "HUN-ch Rapid 2018"]
[Site "Ajka"]
[Date "2018.07.20"]
[Round "2"]
[White "Seres, Bela"]
[Black "Papp, Gabor"]
[Result "0-1"]
[WhiteElo "2220"]
[BlackElo "2574"]
[Annotator "TA"]
[PlyCount "103"]
[EventDate "2018.07.20"]
[EventType "swiss"]
[EventCountry "HUN"]
[SourceTitle "playchess.com"]
[Source "ChessBase"]
[SourceQuality "1"]

{[%evp 9,103,2,7,1,7,-18,4,-5,12,-20,-9,-90,-86,-87,-88,-91,-84,-87,-71,-68,-68,-64,-70,-63,-77,-77,-71,-61,-66,-88,-78,-141,-64,-166,-149,-207,-166,-205,-219,-197,-202,-270,-282,-267,-274,-634,-460,-454,-454,-377,-158,-158,-158,-158,-158,-158,-158,-158,-133,-173,-158,-158,-158,-266,-255,-499,-491,-648,-636,-661,-686,-1072,-348,-352,-350,-420,-233,-383,-384,-386,-363,-414,-403,-320,-14,-41,0,0,0,0,0,0,0,0,0,0]} 1. e4 c5 2. Nf3 Nc6 3. Bb5 g6 4. O-O Bg7 5. a4 (5. Nc3 d6 6. Re1 Bd7 7. a4 Nf6 8. d3 O-O 9. Bg5 h6 10. Bh4 g5 11. Bg3 Nh5 12. Ne5 Nxe5 13. Bxe5 Bxe5 14. Qxh5 Kh7 15. Nd1 e6 16. c3 Bxb5 17. axb5 {1-0 (44) Nepomniachtchi,I (2757)-Gelfand,B (2703) Jerusalem 2018}) 5... Nf6 6. d3 {B31: Sizilianisch (Rossolimo-Variante)} O-O 7. Nbd2 d6 8. h3 $146 ({Vorgänger:} 8. Re1 Bg4 9. h3 Bd7 10. e5 Ne8 11. exd6 Nxd6 12. Ne4 Nxb5 13. axb5 Nd4 14. Nxc5 Bxb5 15. Nxb7 {1-0 (60) Kristmann,U (2104)-Villing,D (2252) Baden 2001}) 8... e5 9. Bxc6 bxc6 10. c4 (10. Nc4 $11 {hält das Gleichgewicht.}) 10... Nh5 $17 11. Re1 Nf4 12. Nf1 Ne6 13. Bd2 Rb8 14. Rb1 f5 15. exf5 gxf5 16. b4 cxb4 17. Rxb4 Rxb4 18. Bxb4 c5 19. Bc3 Bb7 20. N1h2 (20. Bd2 $142) 20... Nf4 (20... Qa8 $17 21. Nh4 Nf4) 21. Qb1 (21. Bd2 $1 $15) 21... Qa8 $19 22. Qd1 (22. Bd2 $17 {war angesagt.} Nxh3+ 23. Kf1) 22... Rf6 {Und ...Tg6 würde nun gewinnen.} 23. Bd2 {und wenn Lxf4 ginge, stände Weiss gut.} Nxd3 24. Re3 e4 25. Rxd3 exd3 26. Bc3 Rg6 27. Qxd3 $2 (27. Bxg7 Rxg7 28. Qxd3) 27... Be4 28. Qe3 {[#]} f4 $1 29. Qe1 (29. Qxf4 Bh6) 29... Bxf3 (29... Bxc3 $19 {und Schwarz behält klar die Oberhand.} 30. Qxc3 Qb7) 30. Nxf3 $17 Bxc3 31. Qxc3 $19 {[%mdl 4096] Endspiel KDT-KDS} Qe4 32. Qb3 Qe7 33. Qd3 Qe6 34. a5 Rg7 35. Qb3 {beabsichtigt Db8+.} h6 36. Qb8+ (36. Kh2 $17 {war einen Versuch wert.}) 36... Kh7 37. Qa8 $2 (37. Qf8) 37... Qxc4 38. Qf8 {Jetzt Df5+ und Weiss darf weiter klammern.} Qe4 39. Kh1 c4 40. Qxd6 c3 $2 (40... Qb1+ 41. Ng1 Qe4) 41. Qc5 c2 42. Kh2 Qg6 (42... Rd7 $142 43. a6 Rg7) 43. Nh4 {[#]} (43. Ne1 $142) 43... Qd3 $1 44. Nf3 a6 45. h4 Qg6 {[%csl Gg7][%cal Rg6g2]} 46. Ne1 f3 $2 (46... Qe4 $19 {Und weiter mit ...f3 wäre nett.} 47. Qc3 Qe2) 47. g3 $11 Rf7 48. Nxc2 {Die Stellung ist ausgeglichen.} Qf5 49. Qc4 Re7 50. Nd4 Qe4 {...Td7 ist eine echte Drohung.} 51. Qc5 Rf7 52. Nc2 {[%mdl 32768] Precision: Weiß = 44%, Schwarz = 51%. . Loss on Time!?} 0-1

[Event "HUN-ch Rapid 2018"]
[Site "Ajka"]
[Date "2018.07.20"]
[Round "2"]
[White "Teglas, Balazs"]
[Black "Medvegy, Zoltan"]
[Result "0-1"]
[WhiteElo "2201"]
[BlackElo "2542"]
[Annotator "ChessBase"]
[PlyCount "90"]
[EventDate "2018.07.20"]
[EventType "swiss"]
[EventCountry "HUN"]
[SourceTitle "playchess.com"]
[Source "ChessBase"]
[SourceQuality "1"]
[TimeControl "1200+5"]

1. e4 {[%emt 0:00:07]} c5 {[%emt 0:00:14]} 2. Nf3 {[%emt 0:00:07]} Nf6 {[%emt 0:00:02]} 3. e5 {[%emt 0:00:07]} Nd5 {[%emt 0:00:01]} 4. Nc3 {[%emt 0:00:03]} Nxc3 {[%emt 0:00:02]} 5. dxc3 {[%emt 0:00:10]} Nc6 {[%emt 0:00:02]} 6. Bd3 {[%emt 0:00:21]} Qc7 {[%emt 0:00:32]} 7. Qe2 {[%emt 0:00:05]} h6 {[%emt 0:00:14]} 8. O-O {[%emt 0:00:15]} e6 {[%emt 0:00:24]} 9. Bf4 {[%emt 0:00:49]} b6 {[%emt 0:02:27]} 10. Rad1 {[%emt 0:00:28]} Bb7 {[%emt 0:00:06]} 11. Nd2 {[%emt 0:04:54]} d5 {[%emt 0:04:45]} 12. exd6 {[%emt 0:00:26]} Bxd6 {[%emt 0:00:02]} 13. Bxd6 {[%emt 0:00:03]} Qxd6 {[%emt 0:00:01]} 14. Nc4 {[%emt 0:00:13]} Qc7 {[%emt 0:00:36]} 15. Be4 {[%emt 0:00:07]} Rd8 {[%emt 0:01:37]} 16. Rxd8+ {[%emt 0:10:32]} Nxd8 {[%emt 0:00:01]} 17. Rd1 {[%emt 0:00:24]} O-O {[%emt 0:00:22]} 18. Ne5 {[%emt 0:00:18]} Bxe4 {[%emt 0:05:36]} 19. Qxe4 {[%emt 0:00:06]} Nb7 {[%emt 0:00:01]} 20. f4 {[%emt 0:01:01]} Rd8 {[%emt 0:00:36]} 21. Rd3 {[%emt 0:00:15]} Rxd3 {[%emt 0:00:38]} 22. cxd3 {[%emt 0:00:07]} Nd6 {[%emt 0:00:04]} 23. Qc6 {[%emt 0:00:02]} Qxc6 {[%emt 0:00:13]} 24. Nxc6 {[%emt 0:00:01]} Nc8 {[%emt 0:00:01]} 25. Kf2 {[%emt 0:00:07]} Kf8 {[%emt 0:00:01]} 26. Ke3 {[%emt 0:00:06]} Ke8 {[%emt 0:00:05]} 27. g3 {[%emt 0:00:11]} f6 {[%emt 0:00:12]} 28. b4 {[%emt 0:00:31]} cxb4 {[%emt 0:00:09]} 29. cxb4 {[%emt 0:00:10]} Kd7 {[%emt 0:00:07]} 30. Nd4 {[%emt 0:00:00]} Ne7 {[%emt 0:00:09]} 31. a3 {[%emt 0:00:04]} a6 {[%emt 0:00:14]} 32. Ne2 {[%emt 0:00:08]} Kc6 {[%emt 0:00:11]} 33. Kd4 {[%emt 0:00:07]} Nf5+ {[%emt 0:00:02]} 34. Kc3 {[%emt 0:00:03]} Kd5 {[%emt 0:00:27]} 35. Kd2 {[%emt 0:00:05]} Nd4 {[%emt 0:00:16]} 36. Nc3+ {[%emt 0:00:01]} Kc6 {[%emt 0:00:02]} 37. h3 {[%emt 0:00:22]} Nb5 {[%emt 0:00:23]} 38. Nxb5 {[%emt 0:00:03]} axb5 {[%emt 0:00:27]} 39. g4 {[%emt 0:00:06]} Kd5 {[%emt 0:00:14]} 40. Ke3 {[%emt 0:00:00]} g5 {[%emt 0:00:14]} 41. fxg5 hxg5 42. Ke2 {[%emt 0:00:18]} Kd4 43. Kd2 f5 {[%emt 0:00:19]} 44. gxf5 {[%emt 0:00:01]} exf5 {[%emt 0:00:01]} 45. Ke2 {[%emt 0:00:01]} f4 {[%emt 0:00:02]} 0-1